1667 1963 1753 1967 1350 1115 1301 1731 1737 1370 1998 1374 1850 1155 1173 1942 1612 1647 1128 1862 1888 1123 1802 1328 1399 1815 1014 1321 1339 1162 1444 1352 1008 1421 1613 1615 1260 1688 1593 1600 1715 1389 1604 1593 1185 1455 1859 1687 1808 1002 1390 1921 1356 1712 1625 1940 1727 1069 1038 1273 1417 1854 1537 1141 1648 1766 1762 1688 1295 1065 1712 1261 1334 1769 1993 1596 1771 1685 1990 1652 1972 1675 1104 1851 1763 1320 1923 1914 1912 1630 1724 1314 1675 1803 1825 1301 1873 1529 1338 BCNSPRNW ULIB Ver.6.0+V

เปลี่ยนเป็นภาษาไทย

Change to English
 แสดงรายละเอียดบรรณานุกรม
  กลับหน้าหลัก

Brief Record : Get Marc (ISO 2709) : E-mail record : QR code < ปิดหน้าต่าง
LEADER : 00000nam 2200000uu 4500
001    13399120879
003     ULIB
008    121022s||||||||th 000 0 tha d
020    9746457103
099    วจ.HF5549^bม497ข
100 0  มาลินี อยู่ใจเย็น, นงณภัทร รุ่งเนย และวันดี ช่วยบุญ
245 00 ขวัยและกำลังใจในการปกิบัติงานของอาจารย์พยาบาลในวิทยาลัยพยาบาลเครือข่ายภาคตะวันตก สังกัดสถาบันพระบรมราชชนก^c
260    The Instructor s moral of working at the western college or nursing Praboromrajanok institute
300    68 แผ่น
650  7 ขวัญและกำลังใจ^xวิจัย
650  4 วิทยาลัยพยาบาลเครือข่ายภาคตะวันตก
945    ^p0^l0^i032857
995    เกษร
999    ^aใช้งานได้ทุกระบบ
รายการนี้ยังไม่มีแท็ก
คุณยังไม่ได้ล็อกอิน คุณสามารถมีกิจกรรมร่วมกับเว็บไซต์ได้ แต่ต้องล็อกอินก่อน ::
  ล็อกอิน

รายการสื่อสารสนเทศ

ลำดับที่ ประเภท เลขเรียก/บาร์โค้ด สถานที่ สถานะ
1. งานวิจัย
งานวิจัย
วจ.HF5549 ม497ข  
  Barcode: 032857
ห้องสมุดวิทยาเขตสวรรค์ประชารักษ์
►วิจัย
บนชั้น

BibComment


ยังไม่เคยถูกคอมเมนท์

คอมเมนท์ทรัพยากรรายการนี้
  คอมเมนท์: ขวัยและกำลังใจในก..


 Copyright 2026. Bcnsprnw @Library